Apuntes para la historia /
محفوظ في:
| المؤلف الرئيسي: | |
|---|---|
| التنسيق: | الكتروني كتاب الكتروني |
| اللغة: | الإسبانية |
| منشور في: |
Bogotá, D. C., Colombia :
Academia Colombiana de Historia,
2020.
|
| سلاسل: | Colección Bolsilibros (Academia Colombiana de Historia) ;
67. |
| الموضوعات: | |
| الوصول للمادة أونلاين: | Digitalia Hispánica |
| الوسوم: |
إضافة وسم
لا توجد وسوم, كن أول من يضع وسما على هذه التسجيلة!
|
MARC
| LEADER | 00000nam a2200000Ii 4500 | ||
|---|---|---|---|
| 001 | DIGACHCK0014 | ||
| 003 | NyNyDIG | ||
| 006 | m o d | ||
| 007 | cr ||||||||||| | ||
| 008 | 220508s2020 ck a o 000 0 spa d | ||
| 035 | |a (OCoLC)1290137959 | ||
| 040 | |a DGITA |b eng |e rda |e pn |c DGITA | ||
| 020 | |a 9789585154209 |q eBook |q pdf | ||
| 020 | |z 9789585154018 | ||
| 043 | |a s-ck--- | ||
| 050 | 1 | 4 | |a F2281.A79 ebook |
| 082 | 0 | 4 | |a 986.1 |
| 100 | 1 | |a Sourdis Nájera, Adelaida, |e author. | |
| 245 | 1 | 0 | |a Apuntes para la historia / |c Adelaida Sourdis Nájera. |
| 264 | 1 | |a Bogotá, D. C., Colombia : |b Academia Colombiana de Historia, |c 2020. | |
| 300 | |a 1 online resource : |b illustrations. | ||
| 336 | |a text |b txt |2 rdacontent | ||
| 337 | |a computer |b c |2 rdamedia | ||
| 338 | |a online resource |b cr |2 rdacarrier | ||
| 347 | |a text file |2 rdaft | ||
| 347 | |b PDF | ||
| 490 | 1 | |a Colección Bolsilibros ; |v LXVII | |
| 588 | 0 | |a Online resource; title from PDF title page (Digitalia, viewed May 8, 2022) | |
| 651 | 0 | |a Cartagena (Colombia) |x History. | |
| 651 | 0 | |a Cartagena (Colombia) |x Social life and customs. | |
| 651 | 0 | |a Atlantic Coast (Colombia) |x History | |
| 651 | 0 | |a Atlantic Coast (Colombia) |x Social life and customs. | |
| 655 | 0 | |a Electronic books. | |
| 791 | 2 | |a Digitalia (Firm), |e distributor. | |
| 793 | 0 | |g Digitalia eBook Collection: |a Academia Colombiana de Historia | |
| 776 | 0 | 8 | |i Print version: |a Sourdis Nájera, Adelaida. |t Apuntes para la historia. |d Bogotá, D. C., Colombia : Academia Colombiana de Historia, 2020 |z 9789585154018 |
| 830 | 0 | |a Colección Bolsilibros (Academia Colombiana de Historia) ; |v 67. | |
| 856 | 4 | 0 | |3 Digitalia Hispánica |u https://digitalia.unach.elogim.com/a/111386/ |
| 910 | |a Premium collection: 2022 | ||